Les 5 livres les plus vendus de l'histoire. - Statistiques

Statistiques générales
  • Ce quiz a été pris 398 fois
  • Le résultat moyen est 2 sur 5
Statistiques - réponses
Exemplaires vendus Livre % Correct
+ de 5 milliards La Bible
100%
+ de 3 milliards Le Coran
93%
800 millions Le Petit Livre Rouge
13%
+ de 500 millions Don Quichotte
10%
500 millions Xinhua Zidian
1%
Aucun quiz correspondant
Distribution des résultats
% des personnes avec chaque résultat
Percentile par nombre de réponses
Votre historique - résultats
Vous n’avez pas pris ce quiz